Welcome to CU Library Online Public Access Catalogue (OPAC)

Microeconomics (Record no. 9702)

MARC details
000 -LEADER
fixed length control field 00494nam a22001817a 4500
005 - DATE AND TIME OF LATEST TRANSACTION
control field 20260428135154.0
008 - FIXED-LENGTH DATA ELEMENTS--GENERAL INFORMATION
fixed length control field 260428b |||||||| |||| 00| 0 eng d
020 ## - INTERNATIONAL STANDARD BOOK NUMBER
International Standard Book Number 9780072454529
050 ## - LIBRARY OF CONGRESS CALL NUMBER
Classification number HB172
Item number .C558
100 ## - MAIN ENTRY--PERSONAL NAME
Personal name Colander C. David
245 ## - TITLE STATEMENT
Title Microeconomics
Statement of responsibility, etc. by Colander C. David
250 ## - EDITION STATEMENT
Edition statement 4th edi
260 ## - PUBLICATION, DISTRIBUTION, ETC.
Place of publication, distribution, etc. Boston
Name of publisher, distributor, etc. Mcgraw hill
Date of publication, distribution, etc. c2001
300 ## - PHYSICAL DESCRIPTION
Extent xxiv,480p,
Other physical details ill, col
500 ## - GENERAL NOTE
General note Includes index
700 ## - ADDED ENTRY--PERSONAL NAME
Personal name Colander C. David
Relator term Author
942 ## - ADDED ENTRY ELEMENTS (KOHA)
Source of classification or shelving scheme Library of Congress Classification
Koha item type Books
Edition 4th edi
Suppress in OPAC No
999 ## -
-- 9702
-- 9702
Holdings
Withdrawn status Lost status Source of classification or shelving scheme Damaged status Not for loan Collection Home library Current library Shelving location Date acquired Total checkouts Full call number Barcode Date last seen Price effective from Koha item type
    Library of Congress Classification     Non-fiction Main Library (Kumasi) Main Library (Kumasi) General stacks 04/28/2026   HB172.C558 bssk00000243 04/28/2026 04/28/2026 Books
© 2023-2024 Copyright: Central University Libraries. All Rights Reserved | Created by: Mahone Tech Office